000 00864nam a22002057a 4500
999 _c328712
_d328712
003 NUST
005 20170414102212.0
008 160215b xxu||||| |||| 00| 0 eng d
020 _a9780307959478
040 _cNust
082 _a355.6092
_bGAT
100 _916416
_aGates, Robert M.
245 _aDuty : memoirs of a Secretary at war
_cGates, Robert Michael
260 _aU.K.
_bRandom House Group Ltd.,
_c2014.
300 _a618 pages
650 _916417
_aMilitary policy-Decision making
_xGeneral
856 _uhttp://www.amazon.com/Duty/dp/0753555530/ref=sr_1_1?s=books&ie=UTF8&qid=1455523536&sr=1-1&keywords=9780753555538
942 _2ddc
_cBK